[Event "Wch U08"]
[Site "Batumi"]
[Date "2022.09.19"]
[Round "4"]
[White "Oh, Sejun"]
[Black "Tsulaia, Giorgi"]
[Result "0-1"]
[WhiteElo "1129"]
[BlackElo "1207"]
[PlyCount "29"]
[EventDate "2022.09.16"]
[EventType "swiss"]
[EventRounds "11"]
[EventCountry "GEO"]
[SourceTitle "EXT 2023"]
[Source "ChessBase"]
[SourceDate "2022.10.05"]
[SourceVersion "1"]
[SourceVersionDate "2022.10.05"]
[SourceQuality "1"]

1. d4 Nf6 2. Bf4 d5 3. e3 Bf5 4. Nf3 e6 5. c4 Bd6 6. Be2 0-0 7. Nc3 Nc6 8. Qb3 Nb4 9. Rc1 c6 10. cxd5 exd5 11. Nxd5 Nbxd5 12. Bxd6 Qxd6 13. Qxb7 Bd7 14. e4 Rab8 15. Qa6 0-1